[Event "23rd Open"]
[Site "Bratto ITA"]
[Date "2003.08.22"]
[Round "2"]
[White "Shytaj,L"]
[Black "Epishin,V"]
[Result "0-1"]
[WhiteElo "2336"]
[BlackElo "2642"]

1.e4 c5 2.Nf3 e6 3.d4 cxd4 4.Nxd4 a6 5.Nc3 b5 6.Bd3 Qb6 7.Be3 Bc5 8.Be2 Nc6
9.Nxc6 Qxc6 10.e5 Bxe3 11.fxe3 Qc7 12.Qd4 f5 13.a4 b4 14.Qxb4 Qxe5 15.Qd4 Qxd4
16.exd4 Nf6 17.a5 Bb7 18.O-O Ke7 19.Ra4 Rhb8 20.Rb4 Bc8 21.Rxb8 Rxb8 22.b3 g5
23.Na4 Nd5 24.Ra1 d6 25.Bc4 Ne3 26.Nb6 Bb7 27.Bd3 h5 28.b4 f4 29.d5 g4 30.b5 axb5
31.a6 Nxd5 32.a7 Rd8 33.a8=Q Bxa8 34.Nxa8 b4 35.Ra6 Rb8 36.Bc4 Ne3 37.Bb3 g3
38.Ra7+ Kf6 39.Nc7 gxh2+ 40.Kxh2 Rg8 41.Nxe6 Rxg2+ 42.Kh1 Rf2 43.Ng7 d5 44.Nxh5+ Kg5
45.Ng7 f3 46.Ne6+ Kh4 47.Rg7 Ng4  0-1

[Event "23rd Open"]
[Site "Bratto ITA"]
[Date "2003.08.23"]
[Round "3"]
[White "Rombaldoni,A"]
[Black "Horvath,Cs1"]
[Result "0-1"]
[WhiteElo "2259"]
[BlackElo "2513"]

1.e4 c5 2.Nf3 e6 3.d4 cxd4 4.Nxd4 a6 5.Nc3 b5 6.g3 Bb7 7.Bg2 Nf6 8.Qd3 d6
9.O-O Nbd7 10.a3 Rc8 11.Re1 Be7 12.Qe2 Qc7 13.h3 O-O 14.Bd2 Rfe8 15.Rac1 Nb6
16.b3 Bf8 17.g4 g6 18.Qe3 e5 19.Nde2 d5 20.Qg5 Be7 21.exd5 Nbxd5 22.Nxd5 Nxd5
23.Qh6 Bxa3 24.Ng3 Bf8 25.Qg5 h6 26.Qh4 Nf4 27.Ne4 Nxg2 28.Kxg2 Qd8  0-1

[Event "ADCF Masters"]
[Site "Abu Dhabi UAE"]
[Date "2003.08.24"]
[Round "8"]
[White "Ahmed,Es"]
[Black "Ghaem Maghami,E"]
[Result "0-1"]
[WhiteElo "2403"]
[BlackElo "2544"]

1.e4 c5 2.Nf3 e6 3.Nc3 a6 4.d4 cxd4 5.Nxd4 Qc7 6.g3 Nf6 7.Bg2 Be7 8.Be3 Nc6
9.O-O d6 10.Nxc6 bxc6 11.Na4 Rb8 12.c4 c5 13.Qe2 O-O 14.Nc3 Bb7 15.g4 Nd7
16.f4 Bf6 17.Qd2 Bxc3 18.Qxc3 Nf6 19.Qc2 Nxg4 20.Rae1 f5 21.Bc1 fxe4 22.Bxe4 Bxe4
23.Qxe4 Rf6 24.f5 Ne5 25.Rd1 exf5 26.Rxf5 Rxf5 27.Qxf5 Qf7 28.Qxf7+ Nxf7
29.b3 Re8 30.Kf2 Re6 31.a3 Kf8 32.b4 Re4 33.b5 Rxc4 34.b6 Rc2+ 35.Kg1 Rc3
36.Bf4 Rb3 37.Bxd6+ Nxd6 38.Rxd6 c4 39.Rc6 c3 40.a4 c2 41.Rxc2 Rxb6 42.Rc7 h6
43.Ra7 Kg8 44.Kg2 Kh7 45.a5 Rc6 46.Kg3 Rf6 47.h4 h5 48.Rc7 Rf5 49.Rc6  0-1

[Event "XI Open A"]
[Site "Mislata ESP"]
[Date "2003.08.24"]
[Round "5"]
[White "Arizmendi Martinez,J"]
[Black "Cramling,P"]
[Result "1/2-1/2"]
[WhiteElo "2521"]
[BlackElo "2488"]

1.e4 c5 2.Nf3 e6 3.Nc3 a6 4.d4 cxd4 5.Nxd4 Qc7 6.g3 Bb4 7.Bd2 Nc6 8.Nb3 Nf6
9.Bg2 Be7 10.f4 d6 11.a4 b6 12.O-O Bb7 13.g4 h6 14.Qe2 Nd7 15.Rad1  1/2-1/2

[Event "14th Sommerpokal"]
[Site "Recklinghausen GER"]
[Date "2003.08.24"]
[Round "7"]
[White "Ciornei,D"]
[Black "Rehberg,R"]
[Result "1-0"]
[WhiteElo "2216"]
[BlackElo "2051"]

1.e4 c5 2.Nf3 e6 3.d4 cxd4 4.Nxd4 a6 5.Nc3 b5 6.g3 Bb7 7.Bg2 b4 8.Na4 Nf6
9.Qd3 Nc6 10.O-O Qc7 11.c3 Rc8 12.Bg5 Be7 13.cxb4 Nxb4 14.Qd2 Qa5 15.Nc3 O-O
16.a3 Nc6 17.Nxc6 Bxc6 18.Nd5 Qd8 19.Nxe7+ Qxe7 20.e5 Bxg2 21.Kxg2 Ne4 22.Bxe7 Nxd2
23.Bxf8 Nxf1 24.Bb4  1-0

[Event "XI Open A"]
[Site "Mislata ESP"]
[Date "2003.08.26"]
[Round "7"]
[White "Martin Perez,J"]
[Black "Pavia Miralles,J"]
[Result "0-1"]
[WhiteElo "2251"]
[BlackElo "2309"]

1.e4 c5 2.Nf3 e6 3.d4 cxd4 4.Nxd4 a6 5.Nc3 b5 6.Bd3 Qb6 7.Nb3 Qc7 8.Be3 Bb7
9.O-O Nf6 10.f4 d6 11.Qe2 Nbd7 12.f5 e5 13.Bf2 Be7 14.Rad1 O-O 15.g4 b4 16.Nb1 d5
17.N1d2 a5 18.Bg3 a4 19.Nc1 Rfe8 20.h4 h5 21.gxh5 Nc5 22.exd5 Qb6 23.Kh2 Nxd3
24.Nxd3 Nxd5 25.Nc4 Qa6 26.Ncxe5 Bf8 27.Qd2 f6 28.Ng4 Qc4 29.Kh3 Re4 30.Ngf2 Re3
31.Ng4 Re4 32.Ngf2 Re7 33.Rde1 Rae8 34.Rxe7 Rxe7 35.Re1 Bc8 36.Rxe7 Bxf5+
37.Kh2 Bxe7 38.b3 axb3 39.axb3 Qd4 40.Qe2 Kf7 41.Nh3 Ne3 42.Nhf2 Bd6 43.Qf3 Qxh4+
44.Kg1 Qxg3+ 45.Qxg3 Bxg3 46.Nxb4 Nxc2 47.Nd5 Bd6 48.Kg2 Be6 49.Nc3 Bxb3
50.Kh3 Ne3 51.Nce4 Be6+ 52.Kh4 Ng2+  0-1

[Event "2nd It"]
[Site "Pays de Charleroi BEL"]
[Date "2003.08.26"]
[Round "5"]
[White "Vandevoort,P"]
[Black "Kveinys,A"]
[Result "1-0"]
[WhiteElo "2353"]
[BlackElo "2539"]

1.e4 c5 2.Nf3 e6 3.d4 cxd4 4.Nxd4 a6 5.Nc3 b5 6.Bd3 Qb6 7.Nf3 Nc6 8.O-O Qb8
9.e5 Nge7 10.Be4 Bb7 11.Re1 h6 12.h4 Nc8 13.a4 b4 14.Ne2 d5 15.Bd3 Nxe5 16.Nxe5 Qxe5
17.Nf4 Qf6 18.Qg4 Bc5 19.Be3 Bxe3 20.Rxe3 Ne7 21.Rae1 Bc8 22.Nh5 Qxb2 23.c3 Rg8
24.Bh7 g6 25.Nf6+ Kf8 26.Bxg8 Nxg8 27.Qd4 Ne7 28.Qc5 Bb7 29.Rxe6 fxe6 30.Rxe6  1-0

[Event "Acropolis GM"]
[Site "Athens GRE"]
[Date "2003.08.27"]
[Round "3"]
[White "Parligras,M"]
[Black "Schmaltz,R"]
[Result "1/2-1/2"]
[WhiteElo "2525"]
[BlackElo "2530"]

1.e4 c5 2.Nf3 e6 3.Nc3 a6 4.d4 cxd4 5.Nxd4 b5 6.Bd3 Qb6 7.Nf3 Qc7 8.O-O Bb7
9.e5 f5 10.exf6 Nxf6 11.Bg5 Be7 12.Bh4 O-O 13.Bg3 Qc8 14.Qe2 Nc6 15.Ne4 Nxe4
16.Qxe4 g6 17.Qg4 Rf7 18.c3 Bf6 19.Rfe1 Ne7 20.Ne5 Bxe5 21.Bxe5 Qc5 22.Bd4 Qc7
23.Be5 Qc5 24.Qd4 Qxd4 25.Bxd4 Nf5 26.Be5 Bc6 27.Be4 Bxe4 28.Rxe4 d6 29.Bf4 e5
30.Bg5 h6 31.Bd2 h5 32.a4 Rb8 33.axb5 axb5 34.f4 Re7 35.fxe5 Rxe5 36.Rb4 Rbe8
37.Rf1 Rd5 38.Rf2 Ra8 39.g3  1/2-1/2

[Event "Open"]
[Site "Porto San Giorgo ITA"]
[Date "2003.08.27"]
[Round "7"]
[White "Calandri,F"]
[Black "Unterfrauner,A"]
[Result "1-0"]
[WhiteElo "2115"]
[BlackElo "2188"]

1.e4 c5 2.Nf3 e6 3.d4 cxd4 4.Nxd4 a6 5.Nc3 Qc7 6.Bd3 Nf6 7.O-O Be7 8.f4 Bc5
9.Be3 Nc6 10.Be2 b5 11.Qd3 Qa7 12.Rad1 Bxd4 13.Bxd4 Nxd4 14.Qxd4 b4 15.Nb1 a5
16.Bf3 Bb7 17.Rfe1 O-O 18.Qxa7 Rxa7 19.c4 Rd8 20.Kf2 Kf8 21.Rd4 Ne8 22.Nd2 Ke7
23.Rd1 Bc6 24.e5 Bxf3 25.Kxf3 Rc7 26.Ne4 Rc6 27.g4 f6 28.R1d3 fxe5 29.fxe5 d5
30.exd6+ Nxd6 31.Nxd6 Rcxd6 32.Rxd6 Rxd6 33.Rxd6 Kxd6 34.Ke4 g5 35.b3 Kc6
36.Ke5 Kd7 37.h3 Ke7 38.Ke4 Kd6 39.Kd4 Kc6 40.Ke5 Kd7 41.Kf6 h6 42.Kg6 Kd6
43.Kxh6 Kc5 44.Kxg5 e5 45.Kf5 Kd4 46.g5 e4 47.g6 e3 48.g7 e2 49.g8=Q e1=Q
50.Qd5+ Kc3 51.Qe5+  1-0

[Event "XI Open A"]
[Site "Mislata ESP"]
[Date "2003.08.28"]
[Round "9"]
[White "Arizmendi Martinez,J"]
[Black "Hernandez,Gi"]
[Result "1/2-1/2"]
[WhiteElo "2521"]
[BlackElo "2556"]

1.e4 c5 2.Nf3 e6 3.d4 cxd4 4.Nxd4 a6 5.Nc3 Qc7 6.Bd3 Nc6 7.Nxc6 bxc6 8.O-O Nf6
9.f4 d5 10.e5 Nd7 11.Na4 c5 12.c4 d4 13.b3 Be7 14.Qe2 Bb7 15.Bd2 O-O 16.Nb2 Rae8
17.Rae1 f5 18.exf6 Bxf6 19.Be4 e5 20.Nd3 Bxe4 21.Qxe4 Qd6 22.b4 Rf7 23.fxe5 Bxe5
24.Bf4 Rfe7 25.Bxe5 Nxe5 26.bxc5 Qc6 27.Qxd4 Nxd3 28.Rxe7 Rxe7 29.Qxd3 Qxc5+
30.Kh1 h6 31.Rb1 Qe5 32.h3 Rf7 33.c5 Qxc5 34.Rb8+ Rf8 35.Rxf8+ Kxf8 36.Qxa6 Qc1+
37.Kh2 Qf4+ 38.Kg1 Qe3+ 39.Kf1 Qf4+ 40.Ke1 Qg3+ 41.Kf1 Qf4+ 42.Ke2 Qe4+ 43.Kf2  1/2-1/2

[Event "2nd It"]
[Site "Pays de Charleroi BEL"]
[Date "2003.08.29"]
[Round "8"]
[White "Kveinys,A"]
[Black "Cappon,J"]
[Result "1-0"]
[WhiteElo "2539"]
[BlackElo "2216"]

1.e4 c5 2.Nf3 e6 3.Nc3 a6 4.d4 cxd4 5.Nxd4 Qc7 6.Be2 b5 7.f4 Bb7 8.Bf3 Nc6
9.Be3 d6 10.Qe2 Nf6 11.g4 Be7 12.g5 Nd7 13.Nb3 Nc5 14.O-O-O Na5 15.Nxa5 Qxa5
16.Bxc5 dxc5 17.e5 Bxf3 18.Qxf3 O-O 19.Rd7 b4 20.Ne4 Qxa2 21.Rxe7 c4 22.Nd6 Qa1+
23.Kd2 Qxb2 24.Qe4 c3+ 25.Ke3 a5 26.Rxf7 Rxf7 27.Qxa8+ Rf8 28.Qe4 a4 29.Qc4  1-0

[Event "1st League TCh-SCG"]
[Site "Budva SCG"]
[Date "2003.08.30"]
[Round "2"]
[White "Todorovic,GM"]
[Black "Solak,D"]
[Result "1/2-1/2"]
[WhiteElo "2461"]
[BlackElo "2521"]

1.e4 c5 2.Nf3 e6 3.d4 cxd4 4.Nxd4 a6 5.Nc3 b5 6.Bd3 Qb6 7.Nf5 exf5 8.Nd5 Qb7
9.O-O Bd6 10.Qh5 Ne7 11.Bg5 Nxd5 12.exd5 O-O 13.Bf6 Qb6 14.Bxg7 Kxg7 15.Qg5+ Kh8
16.Qf6+ Kg8 17.Qg5+ Kh8  1/2-1/2

[Event "1st League TCh-SCG"]
[Site "Budva SCG"]
[Date "2003.09.01"]
[Round "4"]
[White "Brenjo,S"]
[Black "Tosic,M"]
[Result "1-0"]
[WhiteElo "2424"]
[BlackElo "2447"]

1.e4 c5 2.Nf3 e6 3.d4 cxd4 4.Nxd4 a6 5.Nc3 Qc7 6.g3 d6 7.Bg2 Bd7 8.O-O Nc6
9.Be3 Nf6 10.f4 Be7 11.a4 O-O 12.Kh1 Na5 13.g4 Nc4 14.Bc1 Ne8 15.g5 f6 16.f5 Ne5
17.fxe6 Bc6 18.Qh5 g6 19.Qh3 Ng7 20.gxf6 Rxf6 21.Rxf6 Bxf6 22.Bh6 Qb6 23.Nb3 Nh5
24.Rf1 Re8 25.Nd5 Bxd5 26.exd5 Qb4 27.Nd2 Qxb2 28.Ne4 Be7 29.Qb3 Qxb3 30.cxb3 Rc8
31.Bd2 Ng7 32.Bc3 Nf5 33.Bh3 Ne3 34.Bxe5 Nxf1 35.Bxf1 Rc1 36.Bxd6 Bxd6 37.Nxd6 Rxf1+
38.Kg2 Re1 39.Nxb7 Re2+ 40.Kf1 Rd2 41.d6 Kf8 42.b4 Rd5 43.d7 Ke7 44.d8=Q+ Rxd8
45.Nxd8  1-0

[Event "Open"]
[Site "Sharjah UAE"]
[Date "2003.09.01"]
[Round "6"]
[White "Saeed,I"]
[Black "El Taher,F"]
[Result "0-1"]
[WhiteElo "2188"]
[BlackElo "2505"]

1.e4 c5 2.Nf3 e6 3.d4 cxd4 4.Nxd4 a6 5.Nc3 Qc7 6.Be3 Bb4 7.Ne2 Nf6 8.a3 Be7
9.f3 d6 10.Nd4 Nbd7 11.Be2 b5 12.O-O Bb7 13.Qd2 O-O 14.Rad1 Rac8 15.Nb3 Ne5
16.Qe1 d5 17.exd5 Nxd5 18.Bd4 Nf4 19.Bxb5 Nxf3+ 20.gxf3 axb5 21.Be5 Qb6+
22.Bd4 Qa6 23.Bxg7 Kxg7 24.Qe5+ Bf6 25.Qxf4 Rc4 26.Ne4 Bxe4 27.fxe4 Qa7+
28.Kh1 Bxb2 29.Rg1+ Kh8 30.Qh6 Rcc8 31.Rd3 f5 32.c3 fxe4 33.Re3 Qf7 34.Qg5 Bxc3
35.Rxc3 Rxc3 36.Nd4 Qf6 37.Qxf6+ Rxf6 38.Nxb5 Rc2 39.Nd4 Rd2 40.Nb3 Rb2 41.Nc5 Rff2
42.Rd1 e3 43.Rd8+ Kg7 44.Nxe6+ Kh6 45.Rd1 Rxh2+  0-1

[Event "Polish Extraleague"]
[Site "Lubniewice POL"]
[Date "2003.09.02"]
[Round "4"]
[White "Pinkas,K"]
[Black "Jedryczka,K"]
[Result "0-1"]
[WhiteElo "2370"]
[BlackElo "2354"]

1.e4 c5 2.Nf3 e6 3.Nc3 a6 4.d4 cxd4 5.Nxd4 b5 6.g3 Bb7 7.Bg2 b4 8.Nd5 exd5
9.exd5 Bc5 10.O-O Qf6 11.Nb3 Bb6 12.Qg4 Ne7 13.Bg5 Qf5 14.Qxb4 Qxg5 15.c4 Qf6
16.Rae1 a5 17.Nxa5 Bxa5 18.Rxe7+ Qxe7 19.Qxb7 Ra6 20.Qxb8+ Bd8 21.c5 O-O
22.d6 Qe5 23.Qb7 Rxa2 24.b4 Qf5 25.Be4 Qg4 26.Bf3 Qd4 27.Qxd7 Qxb4 28.c6 Bb6
29.Bd5 Rxf2 30.Rxf2 Qe1+ 31.Kg2 Qxf2+ 32.Kh3 Qf1+ 33.Bg2 Qd1 34.Qe7 Qh5+
35.Qh4 Qxh4+ 36.Kxh4 Bc5 37.d7 Bb6 38.Kg5 Bc7 39.Kf5 Rb8  0-1

[Event "VII Pablo Gorbea"]
[Site "Madrid ESP"]
[Date "2003.09.03"]
[Round "3"]
[White "Almagro Llanas,P"]
[Black "Garcia Dorado,A"]
[Result "1-0"]
[WhiteElo "2375"]
[BlackElo "2138"]

1.e4 c5 2.Nf3 e6 3.d4 cxd4 4.Nxd4 a6 5.Nc3 b5 6.Bd3 Qb6 7.Nb3 Qc7 8.O-O Bb7
9.a3 Nf6 10.Qe2 d6 11.Bd2 Be7 12.f4 h5 13.Rae1 Nbd7 14.Nd1 Nc5 15.Nxc5 Qxc5+
16.Be3 Qc6 17.Nc3 Ng4 18.Nxb5 Nxe3 19.Nd4 Qb6 20.Qxe3 e5 21.Nf5 Qxe3+ 22.Nxe3 exf4
23.Rxf4 Bg5 24.Rf5 Bxe3+ 25.Rxe3 Ke7 26.e5 d5 27.Rg5 g6 28.e6 d4 29.Re1 Kf6
30.h4 Rhe8 31.Rf1+  1-0

[Event "VII Pablo Gorbea"]
[Site "Madrid ESP"]
[Date "2003.09.03"]
[Round "3"]
[White "Sanchez,Joseph"]
[Black "Paredes Sanchez,J"]
[Result "1-0"]
[WhiteElo "2410"]
[BlackElo "2182"]

1.e4 c5 2.Nf3 e6 3.d4 cxd4 4.Nxd4 a6 5.Nc3 b5 6.Bd3 Qb6 7.Nb3 Qc7 8.O-O Bb7
9.Qe2 b4 10.Nd1 Nf6 11.f4 a5 12.Nf2 d6 13.Bd2 e5 14.a3 a4 15.Nc1 bxa3 16.Rxa3 Nbd7
17.Bb5 Be7 18.Rc3 Qb8 19.g4 h6 20.g5 hxg5 21.fxg5 Nh5 22.Bxd7+ Kxd7 23.Qb5+ Ke6
24.Ne2 d5 25.exd5+ Bxd5 26.Nd4+ exd4 27.Re1+ Qe5 28.Rc6+ Bd6 29.Rxe5+ Kxe5
30.Qe2+  1-0

[Event "VII Pablo Gorbea"]
[Site "Madrid ESP"]
[Date "2003.09.03"]
[Round "3"]
[White "Souleidis,G"]
[Black "Vallejo Diaz,Je"]
[Result "0-1"]
[WhiteElo "2382"]
[BlackElo "2149"]

1.e4 c5 2.Nf3 e6 3.d4 cxd4 4.Nxd4 a6 5.Nc3 Qc7 6.g3 Bb4 7.Ne2 Nf6 8.Bg2 Be7
9.O-O Nc6 10.a4 d6 11.h3 O-O 12.b3 Rb8 13.g4 b5 14.axb5 axb5 15.g5 Nd7 16.Ng3 Re8
17.f4 Qb6+ 18.Kh1 Qd4 19.Bd2 g6 20.Nce2 Qc5 21.Qc1 Nb4 22.c3 Na6 23.Be3 Qc7
24.b4 Bf8 25.Ra5 Nac5 26.Qa3 Na4 27.Nd4 Qc4 28.Rc1 Qd3 29.Bf2 Qd2 30.Kg1 Qxf4
31.Nxb5 Nab6 32.Ne2 Qd2 33.Qa2 Qxa2 34.Rxa2 Ne5 35.Rca1 Bd7 36.Nbd4 Rec8
37.Ra7 Nbc4 38.Nf3 Nxf3+ 39.Bxf3 Bc6 40.R1a2 Ne5 41.Kg2 Nxf3 42.Kxf3 d5 43.Bd4 dxe4+
44.Ke3 Bd5 45.R2a5 h6 46.h4 hxg5 47.hxg5 Bg7 48.Rd7 Bc6 49.Re7 Bf8 50.Rea7 Bd6
51.Bc5 Be5  0-1

[Event "ch-ROM"]
[Site "Satu Mare ROM"]
[Date "2003.09.03"]
[Round "2.1"]
[White "Berescu,A"]
[Black "Vajda,Al1"]
[Result "0-1"]
[WhiteElo "2400"]
[BlackElo "2447"]

1.e4 c5 2.Nf3 e6 3.d4 cxd4 4.Nxd4 a6 5.Nc3 Qc7 6.g3 Bb4 7.Ne2 Nf6 8.Bg2 Be7
9.O-O d6 10.h3 Nc6 11.g4 b5 12.a3 O-O 13.Ng3 Re8 14.g5 Nd7 15.f4 Bf8 16.Nce2 Bb7
17.b3 Rac8 18.Bb2 Ne7 19.Rc1 Ng6 20.Nh5 d5 21.exd5 Nh4 22.Bh1 Nf5 23.Qd3 Nc5
24.Qd2 Bxd5 25.Neg3 Bxh1 26.Kxh1 Qc6+ 27.Kh2 Red8 28.Qe2 Rd5 29.Rf2 Rcd8
30.Qf3 Nh4 31.Qe3 Rd2 32.Nf1 Nf3+ 33.Kg3 Ne4+ 34.Kxf3 Nxf2+ 35.Kg3 Nd1 36.Rxd1 Rxd1
37.Qe2 Qh1 38.Ne3 Qg1+ 39.Kh4 Re1  0-1

[Event "VII Pablo Gorbea"]
[Site "Madrid ESP"]
[Date "2003.09.05"]
[Round "5"]
[White "Garcia Dorado,A"]
[Black "Kovacevic,Sl"]
[Result "0-1"]
[WhiteElo "2138"]
[BlackElo "2387"]

1.e4 c5 2.Nf3 e6 3.d4 cxd4 4.Nxd4 a6 5.Nc3 Qc7 6.g4 Bb4 7.Bd2 Nf6 8.Bg2 h6
9.Qe2 Bc5 10.Nb3 Bd6 11.h4 g6 12.O-O-O Nc6 13.Rhf1 Bf4 14.Qf3 g5 15.Bxf4 Qxf4+
16.Qxf4 gxf4 17.f3 h5 18.g5 Ng8 19.Ne2 e5 20.Bh3 Nge7 21.Rh1 d6 22.Bxc8 Nxc8
23.Nc3 Ra7 24.Rd2 N6e7 25.Kb1 b6 26.Nc1 Ng6 27.Nd5 b5 28.Ne2 Kd7 29.Nec3 Rd8
30.Nf6+ Ke6 31.Nxh5 Rh8 32.Ng7+ Kd7 33.h5 Nge7 34.Nf5 Nxf5 35.exf5 Ne7 36.f6 Nf5
37.Ne4 Ke6 38.Rhd1 Rxh5 39.Nc5+ dxc5  0-1

[Event "1st League TCh-SCG w"]
[Site "Budva SCG"]
[Date "2003.09.06"]
[Round "8"]
[White "Stojanovic,Na"]
[Black "Marcetic,Ma"]
[Result "0-1"]
[WhiteElo "2053"]
[BlackElo "2261"]

1.e4 c5 2.Nf3 e6 3.d4 cxd4 4.Nxd4 a6 5.Nc3 b5 6.a3 Qb6 7.Be3 Bc5 8.b4 Bf8
9.g3 Bb7 10.Bg2 Qc7 11.Qd3 Nc6 12.f4 Nf6 13.h3 Nxd4 14.Bxd4 Rc8 15.Rc1 d6
16.Ne2 Be7 17.O-O e5 18.Bb2 O-O 19.g4 Qb6+ 20.Kh2 Rc4 21.Ng3 Rd8 22.g5 Ne8
23.Nf5 Bf8 24.Ne3 Rcc8 25.Nd5 Bxd5 26.exd5 Be7 27.fxe5 dxe5 28.Qf5 Qg6 29.Bxe5 Bxg5
30.Qxg6 hxg6 31.Bf4 Bxf4+ 32.Rxf4 Nd6 33.a4 Re8 34.Bf1 Rc3 35.Bd3 bxa4 36.Bxa6 Ree3
37.b5 a3 38.Ra4 Rxh3+ 39.Kg2 Nf5 40.Rf1 Rhg3+ 41.Kf2 Rxc2+ 42.Ke1 Rb3  0-1

[Event "56th ch-RUS"]
[Site "Krasnoyarsk RUS"]
[Date "2003.09.06"]
[Round "4"]
[White "Belov,Vl"]
[Black "Epishin,V"]
[Result "1/2-1/2"]
[WhiteElo "2553"]
[BlackElo "2642"]

1.e4 c5 2.Nf3 e6 3.d4 cxd4 4.Nxd4 a6 5.Nc3 b5 6.Bd3 Qb6 7.Nf3 Qc7 8.O-O Bb7
9.e5 f5 10.exf6 Nxf6 11.Ng5 Nc6 12.Nce4 Be7 13.Nxf6+ Bxf6 14.Qh5+ Ke7 15.Qf7+ Kd8
16.Be3 Kc8 17.Ne4 Ne5 18.Qh5 Nc4 19.Qe2 Bxe4 20.Bxe4 d5 21.Bf3 Qe5 22.b3 Nxe3
23.fxe3 Ra7 24.Rad1 Rd8 25.Kh1 h6 26.c4 dxc4 27.Rxd8+ Kxd8 28.bxc4 Ke7 29.Rb1 Rc7
30.cxb5 axb5 31.g3  1/2-1/2

[Event "VII Pablo Gorbea"]
[Site "Madrid ESP"]
[Date "2003.09.07"]
[Round "7"]
[White "Correas Gonzalez,J"]
[Black "Kovacevic,Sl"]
[Result "0-1"]
[WhiteElo "2106"]
[BlackElo "2387"]

1.e4 c5 2.Nf3 e6 3.d4 cxd4 4.Nxd4 a6 5.Nc3 Qc7 6.Be2 b5 7.O-O Bb7 8.Re1 Nc6
9.Nxc6 dxc6 10.e5 Rd8 11.Bd3 c5 12.Qh5 Ne7 13.Bg5 Rd7 14.Bh4 g6 15.Qe2 Bg7
16.a4 b4 17.Ne4 Bxe4 18.Qxe4 Nc6 19.Bf6 Bxf6 20.exf6 Rd4 21.Qe2 a5 22.Bb5 O-O
23.Qe3 Qd8 24.Bxc6 Qxf6 25.Qe5 Qe7 26.Rad1 Rfd8 27.Rxd4 Rxd4 28.Bf3 Rd7 29.Qb8+ Kg7
30.Qe5+ Kg8 31.Qe4 Qf6 32.Rb1 Kg7 33.Qc4 Qf5 34.Rc1 Qg5 35.Re1 Rd4 36.Qe2 Rd2
37.Qc4 Rd4 38.Qb5 Rd2 39.Qc4 Rd4 40.Qb3 Rd2 41.Be4 Re2 42.f4 Rxe1+ 43.Kf2 Qxf4+
44.Kxe1 Qxe4+ 45.Kf1 Qf4+ 46.Kg1 f5  0-1

[Event "TCh-CRO"]
[Site "Rabac CRO"]
[Date "2003.09.07"]
[Round "1"]
[White "Brkic,A"]
[Black "Kurajica,B"]
[Result "1-0"]
[WhiteElo "2419"]
[BlackElo "2558"]

1.e4 c5 2.Nf3 e6 3.d4 cxd4 4.Nxd4 a6 5.Nc3 b5 6.Bd3 d6 7.O-O Nf6 8.Bg5 Be7
9.a3 Bb7 10.f4 Qb6 11.Kh1 Nbd7 12.Nf3 h6 13.Bh4 e5 14.Qd2 Qc7 15.Rae1 O-O
16.Bf2 Rfe8 17.Nh4 Bf8 18.Nf5 Re6 19.Bh4 Rae8 20.Qf2 Qc5 21.Qf3 b4 22.axb4 Qxb4
23.Ne3 exf4 24.Qxf4 Qxb2 25.Ncd5 Qe5 26.Qxe5 dxe5 27.Nc7 Nxe4 28.Bc4 Rc8
29.Nxe6 Nd2 30.Nxf8 Nxf1 31.Rxf1 Nxf8 32.Bxf7+ Kh7 33.c4 Ng6 34.Bg3 Be4 35.Bxg6+ Bxg6
36.Bxe5 Bd3 37.Rc1 a5 38.Rc3 Rd8 39.c5 a4 40.c6 Ba6  1-0

[Event "VII Pablo Gorbea"]
[Site "Madrid ESP"]
[Date "2003.09.09"]
[Round "9"]
[White "Leyva,R"]
[Black "Kovacevic,Sl"]
[Result "0-1"]
[WhiteElo "2338"]
[BlackElo "2387"]

1.e4 c5 2.Nf3 e6 3.d4 cxd4 4.Nxd4 a6 5.Nc3 Qc7 6.Bd3 Bc5 7.Be3 Nf6 8.O-O d6
9.Qe2 O-O 10.Kh1 b5 11.a4 b4 12.Nd1 Bb7 13.f3 Nbd7 14.Nf2 d5 15.Nb3 Bd6 16.g3 dxe4
17.Nxe4 Nxe4 18.Bxe4 Bxe4 19.fxe4 Be5 20.Bd4 Bxd4 21.Nxd4 Rfd8 22.Rad1 Ne5
23.b3 Rdc8 24.Rd2 h6 25.Qg2 Qb7 26.Rfd1 Ng4 27.Ra1 Rd8 28.h3 Nf6 29.Qf2  0-1

[Event "VII Pablo Gorbea"]
[Site "Madrid ESP"]
[Date "2003.09.09"]
[Round "9"]
[White "Souleidis,G"]
[Black "San Emeterio Cabanes,J"]
[Result "1-0"]
[WhiteElo "2382"]
[BlackElo "2337"]

1.e4 c5 2.Nf3 e6 3.Nc3 a6 4.d4 cxd4 5.Nxd4 Qc7 6.g3 Bb4 7.Ne2 Be7 8.Bg2 Nf6
9.O-O Nc6 10.b3 b5 11.Bb2 O-O 12.Nf4 Bb7 13.Re1 Ne5 14.Nd3 d6 15.a4 Qb6 16.Qe2 Nxd3
17.cxd3 b4 18.Nd1 Rac8 19.Ne3 a5 20.Nc4 Qa6 21.e5 dxe5 22.Bxb7 Qxb7 23.Nxa5 Qd5
24.Nc4 Nd7 25.Nxe5 Nc5 26.Nc4 Qxd3 27.Qg4 Qg6 28.Qf3 Nd3 29.Re2 Nxb2 30.Nxb2 Bf6
31.Rd1 Rc3 32.Rd3 h6 33.Kg2 Rfc8 34.Ree3 Qg5 35.Nc4 Qc5 36.Nd6 Rxd3 37.Rxd3 Rd8
38.Ne4 Rxd3 39.Nxc5 Rxf3 40.Kxf3 Kf8 41.Nd7+  1-0

[Event "TCh-CRO"]
[Site "Rabac CRO"]
[Date "2003.09.09"]
[Round "3"]
[White "Sevo,I"]
[Black "Sulava,N"]
[Result "0-1"]
[WhiteElo "2163"]
[BlackElo "2479"]

1.e4 c5 2.Nf3 e6 3.d4 cxd4 4.Nxd4 a6 5.Nc3 b5 6.Bd3 Qb6 7.Nb3 Qc7 8.O-O Bb7
9.Bg5 Be7 10.Qd2 Nf6 11.e5 b4 12.Nb5 axb5 13.exf6 gxf6 14.Bf4 e5 15.Be3 Bc6
16.Qe2 d5 17.Bxb5 d4 18.Bxc6+ Nxc6 19.Bd2 Qd7 20.f4 Qd5 21.fxe5 fxe5 22.Qg4 f6
23.Qh5+ Kd7 24.Qf5+ Kc7 25.c3 Rhg8 26.Rf2 bxc3 27.bxc3 Rgb8 28.c4 Qd7 29.Qc2 d3
30.Qd1 Nd4 31.Be3 Nc2 32.Rxc2 dxc2 33.Qxc2 Qa4 34.Qxh7 Qd7 35.Qc2 Rd8 36.Bd2 Qd3
37.Ba5+  0-1

[Event "ch-Nordic"]
[Site "Aarhus DEN"]
[Date "2003.09.12"]
[Round "6"]
[White "Stefansson,H"]
[Black "Agrest,E"]
[Result "0-1"]
[WhiteElo "2560"]
[BlackElo "2605"]

1.e4 c5 2.Nf3 e6 3.d4 cxd4 4.Nxd4 a6 5.Nc3 Qc7 6.Bd3 Nf6 7.f4 b5 8.Qe2 Bb7
9.Bd2 b4 10.Nd1 Bc5 11.Nb3 Be7 12.c4 O-O 13.Nf2 Nc6 14.e5 Ne8 15.O-O f5 16.exf6 Nxf6
17.Be3 Nd8 18.Ng4 Nc6 19.Rae1 Rae8 20.Nd2 d5 21.Nb3 dxc4 22.Bxc4 Nd5 23.f5 Ne5
24.Nxe5 Qxe5 25.Bd4 Qxe2 26.Rxe2 Rc8 27.Na5 Bd8 28.Nxb7 Rxc4 29.Bc5 Rxc5
30.Nxc5 Bb6 31.Rxe6 Bxc5+ 32.Kh1 Ne3 33.Rc1 Rxf5 34.h3 Bd4 35.Re4 Rd5 36.Re1 Nf5
37.Rf4 g5 38.Rg4 h6 39.Rd1 Kf7 40.g3 Kg6 41.Rd3 h5 42.Re4 Bxb2 43.Re6+ Kf7
44.Rxd5 Kxe6 45.Ra5 Nxg3+ 46.Kg2 Be5 47.Rxa6+ Bd6 48.Ra5 Nf5 49.Rb5 Be7 50.Ra5 g4
51.hxg4 hxg4 52.Kf2 Kf6  0-1

[Event "56th ch-RUS"]
[Site "Krasnoyarsk RUS"]
[Date "2003.09.12"]
[Round "9"]
[White "Vorobiov,E"]
[Black "Iljin,A"]
[Result "0-1"]
[WhiteElo "2547"]
[BlackElo "2471"]

1.e4 c5 2.Nf3 e6 3.Nc3 a6 4.d4 cxd4 5.Nxd4 b5 6.Bd3 Bb7 7.O-O Qb6 8.Nf3 Qc7
9.Re1 Bc5 10.e5 f5 11.exf6 Nxf6 12.Bg5 Ng4 13.Bxb5 axb5 14.Nxb5 Qb6 15.Nfd4 Nxf2
16.Qh5+ g6 17.Qh4 Ne4 18.Be3 O-O 19.b4 Bxb4 20.Nf5 Qxb5 21.Nh6+ Kg7 22.Bd4+ e5
23.c4 Qa5 24.Rxe4 Bxe4 25.Re1 exd4  0-1

[Event "56th ch-RUS"]
[Site "Krasnoyarsk RUS"]
[Date "2003.09.12"]
[Round "9"]
[White "Inarkiev,E"]
[Black "Vekshenkov,N"]
[Result "1-0"]
[WhiteElo "2582"]
[BlackElo "2451"]

1.e4 c5 2.Nf3 e6 3.Nc3 a6 4.d4 cxd4 5.Nxd4 Qc7 6.Bd3 Nc6 7.Nxc6 bxc6 8.Qe2 e5
9.O-O Nf6 10.Kh1 Be7 11.f4 d6 12.fxe5 dxe5 13.Nd1 O-O 14.Ne3 Ne8 15.Bd2 Nd6
16.Qh5 f6 17.Rf3 g6 18.Rg3 Rf7 19.Rf1 Rg7 20.Qh6 Be6 21.Nf5 Bxf5 22.exf5 g5
23.Bxg5 e4 24.Bf4 Rxg3 25.Bc4+ Nxc4 26.Bxc7 Rg5 27.Bf4 Rg7 28.b3 Na3 29.c4 Rd8
30.Qh5 Bc5 31.Qe2 Re7 32.g4 e3 33.g5 Rd2 34.Qg4 fxg5 35.f6 e2 36.Qxg5+ Kf7
37.Qh5+ Ke6 38.Re1 Kxf6 39.Bxd2  1-0

[Event "EYg18"]
[Site "Budva YUG"]
[Date "2003.09.13"]
[Round "1"]
[White "Ahmatovic,M"]
[Black "Kursova,M"]
[Result "0-1"]
[WhiteElo "2034"]
[BlackElo "2264"]

1.e4 c5 2.Nf3 e6 3.d4 cxd4 4.Nxd4 a6 5.Nc3 b5 6.a3 Bb7 7.Bd3 d6 8.O-O Nf6
9.Be3 Nbd7 10.f3 Be7 11.Nb3 O-O 12.f4 Rc8 13.f5 Ne5 14.Bf4 Nc4 15.fxe6 fxe6
16.Bc1 Qb6+ 17.Kh1 Ne3 18.Bxe3 Qxe3 19.Rf3 Qa7 20.Rh3 h5 21.Be2 Nxe4 22.Nxe4 Bxe4
23.Nd4 Rf2 24.Bf3 Bxf3 25.Nxf3 Rcxc2 26.Nd4 Qa8  0-1

[Event "EYb14"]
[Site "Budva YUG"]
[Date "2003.09.15"]
[Round "3"]
[White "Martic,N"]
[Black "Berczes,D"]
[Result "0-1"]
[WhiteElo "2164"]
[BlackElo "2393"]

1.e4 c5 2.Nf3 e6 3.d4 cxd4 4.Nxd4 a6 5.Nc3 b5 6.Bd3 Bb7 7.O-O Qc7 8.Nb3 Nf6
9.a3 d6 10.f4 Nbd7 11.Be3 Be7 12.Qe2 O-O 13.a4 b4 14.Na2 Nxe4 15.Nxb4 a5
16.Na2 Ndc5 17.Nxc5 Nxc5 18.Bb5 Bf6 19.c4 Bc6 20.Nc3 Bxc3 21.bxc3 Ne4 22.Rac1 Rac8
23.Ba6 Ra8 24.Bb5 Rfc8 25.f5 Bxb5 26.cxb5 Qc4 27.Qf3 e5 28.b6 Rab8 29.Rfe1 d5
30.h4 f6 31.h5 h6 32.Kh2 Kh7 33.Qg4 Kh8 34.Qg6 Rb7 35.Rc2 Qxa4 36.Rce2 Qe8
37.Qg4 Nxc3 38.Rc2 Rc4 39.Qh3 Qa4 40.Qg3 Qxc2 41.Qg6 Qa4 42.Bxh6 Qd7 43.Bxg7+ Qxg7
44.Qe8+ Qg8  0-1

[Event "TCh-CRO"]
[Site "Rabac CRO"]
[Date "2003.09.15"]
[Round "9"]
[White "Zamostni,J"]
[Black "Tratar,M"]
[Result "0-1"]
[WhiteElo "2228"]
[BlackElo "2455"]

1.e4 c5 2.Nf3 e6 3.d4 cxd4 4.Nxd4 a6 5.Nc3 d6 6.Be3 Nf6 7.g4 h5 8.gxh5 Rxh5
9.Bg2 Qc7 10.Qe2 Nc6 11.O-O-O Bd7 12.f4 Rc8 13.Bf3 Rh8 14.Kb1 Na5 15.Rhe1 b5
16.Bc1 b4 17.Nd5 exd5 18.exd5+ Kd8 19.Qxa6 Rh3 20.Be3 Rb8 21.Re2 Rxf3  0-1